kku e-library facility

Schaum's Outline of Theory and Problems of Programming with Fortran77 (Record no. 128)

MARC details
000 -LEADER
fixed length control field 00459nam a2200133 4500
005 - DATE AND TIME OF LATEST TRANSACTION
control field 20260116123549.0
008 - FIXED-LENGTH DATA ELEMENTS--GENERAL INFORMATION
fixed length control field 260116b |||||||| |||| 00| 0 eng d
020 ## - INTERNATIONAL STANDARD BOOK NUMBER
International Standard Book Number 0070411557
100 ## - MAIN ENTRY--PERSONAL NAME
Personal name Mayo E William and Cwialala Martin
245 ## - TITLE STATEMENT
Title Schaum's Outline of Theory and Problems of Programming with Fortran77
Statement of responsibility, etc. / William .E. Mayo
260 ## - PUBLICATION, DISTRIBUTION, ETC.
Place of publication, distribution, etc. United States of America;
Name of publisher, distributor, etc. The McGraw-Hill Companies,Inc.
Date of publication, distribution, etc. 1995
300 ## - PHYSICAL DESCRIPTION
Extent vi, 346 p.
Dimensions 27.5cm
942 ## - ADDED ENTRY ELEMENTS (KOHA)
Source of classification or shelving scheme Library of Congress Classification
Suppress in OPAC No
Koha item type Books

No items available.

©2025 All rights reserved. KKU